A minőség létkérdés A szakadék a gépek között van... /

Elmentve itt :
Bibliográfiai részletek
Szerző: Szávay István
Dokumentumtípus: Cikk
Megjelent: 1979-03-27
Sorozat:Délmagyarország 69 No. 72
Kulcsszavak:konzervgyár
Online Access:http://dmarchiv.bibl.u-szeged.hu/105006
LEADER 00485nab a2200157 i 4500
001 delm105006
005 20190524101415.0
008 190524s1979 hu o 0|| hun d
040 |a SZTE Délmagyarország Archívum  |b hun 
041 |a hun 
100 1 |a Szávay István 
245 1 2 |a A minőség létkérdés   |h [elektronikus dokumentum] :  |b A szakadék a gépek között van... /  |c  Szávay István 
260 |c 1979-03-27 
300 |a 3 
490 0 |a Délmagyarország  |v 69 No. 72 
695 |a konzervgyár